Feuchtwanger, dielo a doba K 100. výročiu narodenia spisovateľa

Bibliographic Details
Main Author: Pichler, Tibor, 1949- (Author)
Format: Article
Language:Slovak
PhysicalDescription:Fot. 1.
Subjects:

MARC

LEADER 00000nab a2200000 a 4500
001 vtls000188189
003 SK-MaSNL
005 20260302205600.0
008 150501c1984 xo 0 slo
015 |a SNBRB19rr/mm-uuuuu 
035 |a CL0198302 
040 |a SNKBUCL  |b slo  |c SNKBUCL  |e AACR2 
041 0 |a slo 
044 |a xo  |c SK 
080 |a 82:929:830  |2 1981 
080 |a 929  |2 1981 
080 |a 830  |2 1981 
080 |a 929 Feuchtwanger, Lion  |2 1981 
100 1 |a Pichler, Tibor,  |d 1949-  |4 aut  |9 105567 
245 1 0 |a Feuchtwanger, dielo a doba  |b K 100. výročiu narodenia spisovateľa  |c Tibor Pichler 
300 |b Fot. 1. 
600 1 7 |a Feuchtwanger, Lion,  |d 1884-1958  |2 snkbucl  |9 203991 
655 7 |a články z novín a časopisov  |2 snkbucl  |9 267496 
655 7 |a články z odboru literárna veda a krásna literatúra  |2 snkbucl  |9 770045 
773 0 |t Príroda a spoločnosť  |g Roč. 33, č. 13 (1984), s. 54-55 
850 |a Slovenská národná knižnica v Martine  |a MTA001 
852 |a SNK  |b KIS3GCP 
958 |a RK 
958 |a LX 
958 |a DE 
992 |a RBX 
999 |c 1478421  |d 1480351